Autodiagnóstico de la calidad higiénica en las instalaciones agroalimentarias
Gorde:
| Egile Nagusiak: | , , |
|---|---|
| Formatua: | Liburua |
| Hizkuntza: | gaztelania |
| Argitaratua: |
Barcelona
Mundi Prensa
1995
|
| Gaiak: | |
| Etiketak: |
Etiketa erantsi
Etiketarik gabe, Izan zaitez lehena erregistro honi etiketa jartzen!
|
MARC
| LEADER | 00000nam a2200000 a 4500 | ||
|---|---|---|---|
| 001 | UCP0081 | ||
| 003 | CL-VaPUC | ||
| 008 | 990128e19950000SP |||||||||||||||||spa|d | ||
| 082 | 0 | 4 | |a 664.02 |b SAN |2 21 |
| 100 | 0 | |a Sancho i Valls, Josep |e author |9 425045 | |
| 700 | 0 | |a Bota Prieto, Enric |e author |9 425046 | |
| 700 | 0 | |a Castro Martín, Juan José de |e author |9 425047 | |
| 245 | 1 | 0 | |a Autodiagnóstico de la calidad higiénica en las instalaciones agroalimentarias |
| 300 | |a 126 p | ||
| 942 | |c BK | ||
| 945 | |d 19990128 00:00:00 |a aarredon | ||
| 260 | |a Barcelona |b Mundi Prensa |c 1995 | ||
| 650 | 0 | |a Alimentos |9 256203 | |
| 650 | 7 | |a CONTROL DE ALIMENTOS |2 CL-VaPUC |9 262967 | |
| 650 | 7 | |a TECNOLOGIA DE ALIMENTOS |2 CL-VaPUC |9 425048 | |
| 650 | 0 | |a Análisis de los alimentos |9 407718 | |
| 650 | 0 | |a Microbiología de los alimentos |9 325722 | |
| 650 | 0 | |a Industria alimentaria |9 331702 | |
| 650 | 0 | |a Control de calidad |9 259714 | |
| 650 | 7 | |a HIGIENE DE LOS ALIMENTOS |2 CL-VaPUC |9 310083 | |
| 583 | |a last modification |c 19990128 00:00:00 |k Rodrigo Vera | ||
| 999 | |c 278967 |d 278965 | ||
| 952 | |0 0 |1 0 |4 0 |6 664_020000000000000_SAN_1995 |7 0 |8 A |9 317795 |a BIBALI |b BIBALI |c GEN |d 2019-11-20 |i 349392K |o 664.02 SAN 1995 |p 349392K |r 2025-01-20 |w 2019-11-20 |y BK |k ALI | ||